01141nam a2200289 i 4500003000900000005001700009007000300026008003800029020001500067040003100082082002900113100005800142245013500200250001900335264003800354300002600392336002700418337003300445338002800478490004200506500006900548600005800617650004100675650004100716700003700757710005700794DO-SdBPM20260501110235.0ta110613s2003 dr a 000 j spa d a9993455539 aDO-SdBPMbspacBPMSU erda04aPr863.44bH831e 20032221 aHostos, Eugenio María de,d1839-1903eautor 4aut. 10aEn barco de papel :bcuento y biografía de Hostos /cEugenio María de Hostos ; editor y presentación Tomás Castro Burdiez. a2da. edición 1aSanto Domingo :bEDUCARTE,c2003. a16 páginas c21 cm. 2rdacontentatextobtxt 2rdamediaasin mediaciónbn 2rdacarrieravolumenbnc0 aCadernos Educativos y Culturales,v17 aIncluye datos biográficos del autor en las páginas 10 al 16.17aHostos, Eugenio María de,d1839-1903vBiografías  7aCuentos infantiles puertorriqueños 7aLiteratura infantil puertorriqueña1 aCastro, Tomás,d1959-eeditor 2 aFundación para la Educación y el Arte (EDUCARTE)